Del topos al logos : (رقم التسجيلة. 130163)

تفاصيل مارك
000 -LEADER
fixed length control field 01043cam a2200301 a 4500
008 - FIXED-LENGTH DATA ELEMENTS--GENERAL INFORMATION
fixed length control field 070530s2006 sp b 000 0 spa d
010 ## - LIBRARY OF CONGRESS CONTROL NUMBER
LC control number 2007418711
020 ## - INTERNATIONAL STANDARD BOOK NUMBER
International Standard Book Number 3865273122 (Vervuert)
020 ## - INTERNATIONAL STANDARD BOOK NUMBER
International Standard Book Number 8484892913 (Iberoamericana)
020 ## - INTERNATIONAL STANDARD BOOK NUMBER
International Standard Book Number 9788484892915
040 ## - CATALOGING SOURCE
Original cataloging agency PL#
Transcribing agency PL#
Modifying agency OHX
-- NNC
-- DLC
050 00 - LIBRARY OF CONGRESS CALL NUMBER
Classification number PQ7081
Item number .A457 2006
092 04 - LOCALLY ASSIGNED DEWEY CALL NUMBER (OCLC)
Classification number 860.8098
Item number A296
Edition number 21
099 ## - LOCAL FREE-TEXT CALL NUMBER (OCLC)
Classification number 04
-- 860.8098 A296
100 1# - MAIN ENTRY--PERSONAL NAME
Personal name Ainsa, Fernando,
Dates associated with a name 1937-
245 10 - TITLE STATEMENT
Title Del topos al logos :
Remainder of title propuestas de geopoetica /
Statement of responsibility, etc. Fernando Ainsa.
260 ## - PUBLICATION, DISTRIBUTION, ETC.
Place of publication, distribution, etc. Madrid :
Name of publisher, distributor, etc. Iberoamericana ;
Place of publication, distribution, etc. Frankfurt am Main :
Name of publisher, distributor, etc. Vervuert,
Date of publication, distribution, etc. 2006.
300 ## - PHYSICAL DESCRIPTION
Extent 303 p. ;
Dimensions 22 cm.
490 1# - SERIES STATEMENT
Series statement Critica practicante. Ensayos latinoamericanos ;
Volume/sequential designation 2
504 ## - BIBLIOGRAPHY, ETC. NOTE
Bibliography, etc. note Includes bibliographical references (p. 291-303).
650 #0 - SUBJECT ADDED ENTRY--TOPICAL TERM
Topical term or geographic name entry element Spanish American literature
General subdivision History and criticism.
830 #0 - SERIES ADDED ENTRY--UNIFORM TITLE
Uniform title Crâitica practicante ;
Volume/sequential designation 2.
902 ## - LOCAL DATA ELEMENT B, LDB (RLIN)
No. of Items 1
905 ## - LOCAL DATA ELEMENT E, LDE (RLIN)
Cataloger Jamal
Reviser Rev.
905 ## - LOCAL DATA ELEMENT E, LDE (RLIN)
Cataloger Jihan
Reviser Cat.
942 ## - ADDED ENTRY ELEMENTS (KOHA)
Source of classification or shelving scheme Dewey Decimal Classification
Koha item type Books
المقتنيات
Source of classification or shelving scheme Not for loan Home library Current library Date acquired Full call number Barcode Date last seen Copy number Koha item type
Dewey Decimal Classification   المكتبة المركزبة الجديدة - جامعة القاهرة قاعة الثقاقات الاجنبية - الدور الثالث 11.02.2024 860.8098 A296 Spa. 01000116003609000 05.07.2024 C.1 Books
Cairo University Libraries Portal Implemented & Customized by: Eng. M. Mohamady Contacts: new-lib@cl.cu.edu.eg | cnul@cl.cu.edu.eg
CUCL logo CNUL logo
© All rights reserved — Cairo University Libraries
CUCL logo
Implemented & Customized by: Eng. M. Mohamady Contact: new-lib@cl.cu.edu.eg © All rights reserved — New Central Library
CNUL logo
Implemented & Customized by: Eng. M. Mohamady Contact: cnul@cl.cu.edu.eg © All rights reserved — Cairo National University Library